[Event "2008 Christmas Pledge Tournament #1"]
[Site "SchemingMind.com"]
[Date "2009.01.06"]
[Round "-"]
[White "echecs"]
[Black "AlekhineKid"]
[Result "1-0"]
[WhiteCountry "ENG"]
[BlackCountry "USA"]
[WhiteElo "1834"]
[WhiteRD "57"]
[BlackElo "1590"]
[BlackRD "68"]
[GameID "186554"]

1. b4 d5 2. Bb2 Qd6 3. a3 e5 4. e3 Nf6 5. Nf3 Bg4 6. Bxe5 Qxe5 7. Nxe5 Bxd1 8. Kxd1 a5 9. b5 Bd6 10. Nf3 Nbd7
11. a4
1-0

[Event "2008 Christmas Pledge Tournament #1"]
[Site "SchemingMind.com"]
[Date "2009.01.07"]
[Round "-"]
[White "echecs"]
[Black "jtrochez1"]
[Result "1-0"]
[WhiteCountry "ENG"]
[BlackCountry "HON"]
[WhiteElo "1853"]
[WhiteRD "58"]
[BlackElo "1580"]
[BlackRD "48"]
[GameID "186555"]

1. e4 e5 2. Nf3 Bd6 3. Bc4 Nc6 4. d4 exd4 5. Nxd4 Nxd4 6. Qxd4 Qf6 7. Qxf6 Nxf6 8. O-O O-O 9. f3 Bc5+ 10. Kh1 d6
11. Nc3 c6 12. a3 Be6 13. Bd3 h6 14. Ne2 Kh8 15. b4 Bb6 16. Bb2 Bd8 17. Nf4 Be7 18. e5 dxe5 19. Bxe5 b5 20. Rae1 a5
21. Bxf6 Bxf6 22. Nxe6 fxe6 23. Rxe6 a4 24. Rxc6 Rab8 25. Rb1 Bg5 26. Rc5 Be3 27. Rxb5 Rxb5 28. Bxb5 Rd8 29. Bxa4 Kg8 30. Bb3+ Kf8
31. a4 Ba7 32. c4 Rd2 33. a5 Ke7 34. b5 Kd7 35. Rd1 Rxd1+ 36. Bxd1 Kc7 37. f4 Bc5 38. Bf3 g6 39. b6+ Bxb6 40. axb6+ Kxb6
41. g3 Kc5 42. Bd5 Kd6 43. Kg2 g5 44. Kf3 gxf4 45. Kxf4
1-0

[Event "2008 Christmas Pledge Tournament #1"]
[Site "SchemingMind.com"]
[Date "2009.01.08"]
[Round "-"]
[White "echecs"]
[Black "jdcald13"]
[Result "0-1"]
[WhiteCountry "ENG"]
[BlackCountry "USA"]
[WhiteElo "1815"]
[WhiteRD "62"]
[BlackElo "1872"]
[BlackRD "64"]
[GameID "186556"]

1. e4 e6 2. d4 d5 3. Nd2 Nf6 4. e5 Nfd7 5. Bd3 c5 6. c3 Nc6 7. Ne2 cxd4 8. cxd4 Be7 9. O-O Qb6 10. Nf3 O-O
11. a3 f6 12. b4 fxe5 13. dxe5 Ndxe5 14. Nxe5 Nxe5 15. Bc2 Nc4 16. Ng3 Bf6 17. Ra2 a5 18. bxa5 Rxa5 19. a4 Bd7 20. Ne2 Bc6
21. Nf4 e5 22. Bxh7+ Kxh7 23. Qh5+ Kg8 24. Ng6 Re8 25. Qh8+ Kf7 26. Qh5 Ke6 27. Qg4+ Kd6 28. Rd1 Rxa4 29. Rxa4 Bxa4 30. Ba3+ Nxa3
31. Qxa4 Nb5 32. Rb1 Qc5 33. Qxb5 Qxb5 34. Rxb5 Kc6 35. Rb3 d4 36. h4 b5 37. g4 Kc5 38. g5 Bd8 39. Ra3 Bb6 40. Rc3+ dxc3
0-1

[Event "2008 Christmas Pledge Tournament #1"]
[Site "SchemingMind.com"]
[Date "2009.01.07"]
[Round "-"]
[White "echecs"]
[Black "doobwah"]
[Result "1-0"]
[WhiteCountry "ENG"]
[BlackCountry "USA"]
[WhiteElo "1834"]
[WhiteRD "57"]
[BlackElo "1589"]
[BlackRD "75"]
[GameID "186558"]

1. b4 e5 2. Bb2 e4 3. e3 Nf6 4. b5 b6 5. d3 d5 6. dxe4 Bb7 7. exd5 Bxd5 8. c4 Bb7 9. Nd2 Be7 10. Ngf3 O-O
11. Qc2 Bxf3 12. Nxf3 a6 13. a4 axb5 14. cxb5 Bb4+ 15. Bc3 Qd6 16. Be2 Nbd7 17. O-O Nd5 18. Bb2 Qh6 19. Qb3 Qd6 20. Rfd1 c6
21. e4 Nc5 22. Qxb4 Nxb4 23. Rxd6 Nxa4 24. Be5 Rfc8 25. bxc6 Ra5 26. c7 Raa8 27. Rxa4 f6 28. Rxa8
1-0

[Event "2008 Christmas Pledge Tournament #1"]
[Site "SchemingMind.com"]
[Date "2009.01.10"]
[Round "-"]
[White "echecs"]
[Black "sthorwall"]
[Result "0-1"]
[WhiteCountry "ENG"]
[BlackCountry "USA"]
[WhiteElo "1834"]
[WhiteRD "57"]
[BlackElo "1791"]
[BlackRD "53"]
[GameID "186559"]

1. e4 e5 2. Nf3 Nc6 3. Bc4 Nd4 4. Nxe5 Qg5 5. Ng4 d5 6. d3 Qxg4 7. Qxg4 Nxc2+ 8. Kd2 Bxg4 9. Kxc2 dxc4 10. dxc4 Be6
11. b3 f5 12. Re1 fxe4 13. Rxe4 Kf7 14. Rf4+ Nf6 15. Bb2 Bd6 16. Rf3 Bg4 17. Re3 Bf5+ 18. Kd1 Bf4 19. Re1 Rad8+ 20. Ke2 Rhe8+
0-1

[Event "2008 Christmas Pledge Tournament #1"]
[Site "SchemingMind.com"]
[Date "2009.01.06"]
[Round "-"]
[White "Austin Lockwood"]
[Black "echecs"]
[Result "1-0"]
[WhiteCountry "ENG"]
[BlackCountry "ENG"]
[WhiteElo "1762"]
[WhiteRD "78"]
[BlackElo "1834"]
[BlackRD "57"]
[GameID "186560"]

1. e4 Nf6 2. e5 Nd5 3. d4 d6 4. Nf3 Bg4 5. Be2 Nc6 6. O-O e6 7. h3 Bh5 8. exd6 Bxd6 9. g4 Bg6 10. c4 Nf4
11. Bxf4 Bxf4 12. d5 exd5 13. cxd5 Ne7 14. Qa4+ c6 15. dxc6 Nxc6 16. Qxf4 O-O 17. Nc3 Qd7 18. Rad1 Qe6 19. Bc4 Qc8 20. Ne5 Nxe5
21. Qxe5 Qxc4 22. Rd2 Rfe8 23. Qb5 Qf4 24. Rfd1 Qf3 25. Qf1 h5 26. Qg2 hxg4 27. hxg4 Qxg2+ 28. Kxg2 b6 29. b4 Rac8 30. Nd5 Rcd8
31. Ne7+ Rxe7 32. Rxd8+ Kh7 33. Rh1+
1-0

[Event "2008 Christmas Pledge Tournament #1"]
[Site "SchemingMind.com"]
[Date "2009.01.06"]
[Round "-"]
[White "AlekhineKid"]
[Black "echecs"]
[Result "0-1"]
[WhiteCountry "USA"]
[BlackCountry "ENG"]
[WhiteElo "1590"]
[WhiteRD "68"]
[BlackElo "1834"]
[BlackRD "57"]
[GameID "186561"]

1. c4 c5 2. f4 e5 3. fxe5 Qh4+ 4. g3 Qxc4 5. Nc3 Nc6 6. Nf3 d6 7. d3 Qe6 8. exd6 Bxd6 9. Bg2 Nge7 10. O-O O-O
0-1

[Event "2008 Christmas Pledge Tournament #1"]
[Site "SchemingMind.com"]
[Date "2009.01.06"]
[Round "-"]
[White "jtrochez1"]
[Black "echecs"]
[Result "0-1"]
[WhiteCountry "HON"]
[BlackCountry "ENG"]
[WhiteElo "1546"]
[WhiteRD "48"]
[BlackElo "1834"]
[BlackRD "57"]
[GameID "186562"]

1. e4 e5 2. Nf3 Nc6 3. Bc4 Bc5 4. Nc3 Nf6 5. h3 O-O 6. a3 d6 7. Nd5 Nxe4 8. O-O Ng5 9. Nxg5 Qxg5 10. d4 Qg6
11. dxc5 Bxh3 12. Qf3 Be6 13. c3 Rac8 14. b4 a6 15. a4 dxc5 16. bxc5 Rfd8 17. a5 e4 18. Qe3 Bxd5 19. Bxd5 Rxd5 20. Re1 Re8
21. Qg3 Rxc5 22. Qxc7 Rxc3 23. Qxb7 Nd4 24. Rxe4 Qxe4 25. Qxe4 Rxe4 26. Kf1 h6 27. Bb2 Rc5 28. Bxd4 Rxd4 29. g3 Rdd5 30. Kg2 Rxa5
31. Rxa5 Rxa5
0-1

[Event "2008 Christmas Pledge Tournament #1"]
[Site "SchemingMind.com"]
[Date "2009.01.10"]
[Round "-"]
[White "jdcald13"]
[Black "echecs"]
[Result "1-0"]
[WhiteCountry "USA"]
[BlackCountry "ENG"]
[WhiteElo "1902"]
[WhiteRD "65"]
[BlackElo "1766"]
[BlackRD "63"]
[GameID "186563"]

1. c4 c5 2. Nc3 Nc6 3. g3 g6 4. Bg2 Bg7 5. Nf3 Nh6 6. O-O d6 7. d3 Nf5 8. a3 a6 9. Rb1 O-O 10. Bd2 Rb8
11. b4 cxb4 12. axb4 Ncd4 13. Nxd4 Nxd4 14. e3 Ne6 15. b5 b6 16. bxa6 Bxa6 17. Qa4 Bb7 18. Nd5 Nc5 19. Qc2 Nd7 20. Bc3 Bxd5
21. Bxd5 Bxc3 22. Qxc3 e6 23. Bg2 Qc7 24. Rfc1 Rfc8 25. Qb4 Nc5 26. Rc3 Qd7 27. d4 Qc7 28. Ra1 Nd7 29. Rca3 Nf6 30. Ra7 Qd8
31. Qb5 Rc7 32. Ra8 d5 33. Rxb8 Qxb8 34. cxd5 exd5 35. Bxd5 Nxd5 36. Qxd5 Rb7 37. Qb5 Qc7 38. Ra8+ Kg7 39. Qe8 Kh6 40. Qf8+ Kh5
41. Rc8 Qd7 42. Re8 f5 43. h3 b5 44. g4+ fxg4 45. Re5+ g5 46. h4 h6 47. hxg5 hxg5 48. Qf6 Qg7 49. Qxg7 Rxg7 50. Rxb5 Kh4
51. Kg2 Rc7 52. Rb8 Kh5 53. Kg3 Rh7 54. Rd8 Kg6 55. Kxg4
1-0

[Event "2008 Christmas Pledge Tournament #1"]
[Site "SchemingMind.com"]
[Date "2009.01.06"]
[Round "-"]
[White "doobwah"]
[Black "echecs"]
[Result "0-1"]
[WhiteCountry "USA"]
[BlackCountry "ENG"]
[WhiteElo "1589"]
[WhiteRD "75"]
[BlackElo "1834"]
[BlackRD "57"]
[GameID "186565"]

1. e4 e5 2. Nf3 Nf6 3. Nc3 Nc6 4. Bc4 Nxe4 5. Nxe4 d5 6. Bb5 dxe4 7. Nxe5 Qd5 8. Bxc6+ bxc6 9. d4 Bd6 10. c4 Qa5+
11. Bd2 Qa6 12. O-O O-O 13. b3 c5 14. Be3 cxd4 15. Bxd4 Bb7 16. c5 Bxe5 17. Bxe5 Qg6 18. Re1 e3 19. f3 e2 20. Qxe2 Rae8
21. Qf2 Re7 22. b4 Rfe8 23. Bc3 Re6 24. b5 Bd5 25. a4 Qg5 26. Red1 Re2 27. Qf1 Bc4 28. Bd2 Qxc5+ 29. Kh1 Rxd2 30. Qg1 Qxg1+
31. Kxg1 Rxd1+ 32. Rxd1 Bb3 33. Rd4 g6 34. a5 Kg7 35. Rd7 Rc8 36. Kf2 Ba4 37. Rd5 c6 38. bxc6 Rxc6 39. Ke3 a6 40. g4 Bb5
41. h4 Rc3+ 42. Kf4 h6 43. Ke4 Bc6
0-1

[Event "2008 Christmas Pledge Tournament #1"]
[Site "SchemingMind.com"]
[Date "2009.01.10"]
[Round "-"]
[White "sthorwall"]
[Black "echecs"]
[Result "1-0"]
[WhiteCountry "USA"]
[BlackCountry "ENG"]
[WhiteElo "1791"]
[WhiteRD "53"]
[BlackElo "1834"]
[BlackRD "57"]
[GameID "186566"]

1. Nf3 d5 2. g3 Nf6 3. Bg2 c5 4. d4 e6 5. O-O Nc6 6. c4 dxc4 7. dxc5 Qxd1 8. Rxd1 Bxc5 9. Nbd2 c3 10. bxc3 O-O
11. Nc4 a6 12. Nd4 Ne7 13. Nb3 Ba7 14. Ba3 Re8 15. Nd6 Rd8 16. Nxc8 Rdxc8 17. Bxe7 Ng4 18. Bxb7 Nxf2 19. Rd7 Nd1+ 20. Kg2 Ne3+
21. Kf3 Nd5 22. Bxc8 Bb6 23. Bb7
1-0

[Event "2008 Christmas Pledge Tournament #1"]
[Site "SchemingMind.com"]
[Date "2009.01.07"]
[Round "-"]
[White "David Hartley"]
[Black "Austin Lockwood"]
[Result "1-0"]
[WhiteCountry "ENG"]
[BlackCountry "ENG"]
[WhiteElo "1893"]
[WhiteRD "70"]
[BlackElo "1756"]
[BlackRD "93"]
[GameID "186583"]

1. d4 Nf6 2. c4 e6 3. Nc3 Bb4 4. Qc2 O-O 5. a3 Bxc3+ 6. Qxc3 Nc6 7. e3 d5 8. f3 dxc4 9. Bxc4 Nd5 10. Qd3 Qh4+
11. g3 Qh5 12. e4 Nf6 13. Bf4 Rd8 14. g4 Qa5+ 15. b4 Nxg4 16. bxa5
1-0

[Event "2008 Christmas Pledge Tournament #1"]
[Site "SchemingMind.com"]
[Date "2009.01.06"]
[Round "-"]
[White "David Hartley"]
[Black "AlekhineKid"]
[Result "1-0"]
[WhiteCountry "ENG"]
[BlackCountry "USA"]
[WhiteElo "1869"]
[WhiteRD "67"]
[BlackElo "1590"]
[BlackRD "68"]
[GameID "186584"]

1. e4 c6 2. d4 d5 3. Nc3 dxe4 4. Nxe4 Nf6 5. Nxf6+ gxf6 6. c3 Bf5 7. Nf3 Nd7 8. Be2 Qc7 9. O-O O-O-O 10. Re1 Rg8
11. g3
1-0

[Event "2008 Christmas Pledge Tournament #1"]
[Site "SchemingMind.com"]
[Date "2009.01.07"]
[Round "-"]
[White "David Hartley"]
[Black "jtrochez1"]
[Result "1-0"]
[WhiteCountry "ENG"]
[BlackCountry "HON"]
[WhiteElo "1870"]
[WhiteRD "69"]
[BlackElo "1534"]
[BlackRD "51"]
[GameID "186585"]

1. e4 e5 2. Nf3 Bd6 3. Bc4 h6 4. d4 exd4 5. Qxd4 Nf6 6. O-O Nc6 7. Qd1 O-O 8. Re1 Ne5 9. Nxe5 Bxe5 10. Nd2 d5
11. exd5 Qd6 12. Nf3 Bg4 13. h3 Bh5 14. Qd3 Bxf3 15. Qxf3 Rae8 16. Kh1 Qb4 17. Bf4 Bxf4 18. Rxe8 Nxe8 19. Qxf4 Qd6 20. Qd4 b6
21. Bb3 c5 22. Qd3 Nc7 23. a4 Re8 24. c4 Na6 25. Bc2 g6 26. Qd2 Kh7 27. Re1 Rxe1+ 28. Qxe1 Nc7 29. Qe2 a5 30. h4 Kg7
31. Qe4 h5 32. b3 f5 33. Qd3 Ne8 34. Qe3 Nf6 35. g3 Ng4 36. Qe2 Ne5 37. f3 Kf6 38. Bd1 Kf7 39. Qf1 Kf6 40. Be2 Kf7
41. Qd1 Kf6 42. g4 fxg4 43. fxg4 Qd7 44. Qf1+ Kg7 45. gxh5 gxh5 46. Bxh5 Qd6 47. Qf4 Qf6 48. Qxf6+ Kxf6 49. Kg2 Nd3 50. Kg3 Nc1
51. Bd1 Nd3 52. Bg4 Nc1 53. d6 Kf7 54. d7 Ke7 55. h5 Nd3 56. h6 Ne5 57. Bh5
1-0

[Event "2008 Christmas Pledge Tournament #1"]
[Site "SchemingMind.com"]
[Date "2009.01.10"]
[Round "-"]
[White "David Hartley"]
[Black "jdcald13"]
[Result "0-1"]
[WhiteCountry "ENG"]
[BlackCountry "USA"]
[WhiteElo "1895"]
[WhiteRD "68"]
[BlackElo "1872"]
[BlackRD "64"]
[GameID "186586"]

1. e4 c5 2. Nc3 Nc6 3. f4 g6 4. Nf3 Bg7 5. Bb5 Nd4 6. Nxd4 cxd4 7. Ne2 a6 8. Bd3 b5 9. b3 Bb7 10. O-O Nf6
11. Bb2 Nxe4 12. Bxd4 O-O 13. Bxg7 Kxg7 14. f5 Qb6+ 15. Kh1 Nf2+ 16. Rxf2 Qxf2 17. Qg1 Qxg1+ 18. Rxg1 Rfc8 19. Rf1 b4 20. Ng3 a5
21. Kg1 a4 22. Re1 axb3 23. axb3 Ra2 24. Rxe7 Bc6 25. Ne2 Kf6 26. Re3 Ra1+ 27. Kf2 Rd1 28. g4 d6 29. fxg6 fxg6 30. h3 Re8
31. Rxe8 Bxe8 32. Kg3 Rxd2 33. Kf2 Rd1 34. h4 h6 35. Nf4 Bf7 36. Kf3 g5 37. hxg5+ hxg5 38. Nh5+ Ke5 39. Bf5 Bxh5
0-1

[Event "2008 Christmas Pledge Tournament #1"]
[Site "SchemingMind.com"]
[Date "2009.01.07"]
[Round "-"]
[White "David Hartley"]
[Black "echecs"]
[Result "1-0"]
[WhiteCountry "ENG"]
[BlackCountry "ENG"]
[WhiteElo "1895"]
[WhiteRD "68"]
[BlackElo "1815"]
[BlackRD "62"]
[GameID "186587"]

1. e4 e6 2. d4 d5 3. Nc3 Nf6 4. e5 Nfd7 5. f4 c5 6. Nf3 a6 7. Be3 b5 8. Be2 Nc6 9. O-O cxd4 10. Nxd4 Nxd4
11. Bxd4 Bc5 12. Bxc5 Nxc5 13. Qd4 Qb6 14. Kh1 O-O 15. Qe3 Qc6 16. Bf3 Nd7 17. Rac1 Nb6 18. Nd1 Nd7 19. Nf2 Nc5 20. c4 Qb6
21. cxd5 Na4 22. Qxb6 Nxb6 23. dxe6 Bxe6 24. Bxa8 Rxa8 25. b3 Nd5 26. g3 Nb4 27. Ra1 h6 28. Rfd1 Nc2 29. Rac1 Ne3 30. Rd3 Nf5
31. Rcd1 Kh7 32. Ne4 Rc8 33. R1d2 h5 34. Nd6 Rc1+ 35. Kg2 Ne7 36. Rd1 Rc2+ 37. R3d2 Rc3 38. Rf2 Nd5 39. Re1 Ne3+ 40. Kg1 Ng4
41. Rfe2 Bd5 42. f5 g6 43. e6 fxe6 44. fxe6 Nf6 45. e7
1-0

[Event "2008 Christmas Pledge Tournament #1"]
[Site "SchemingMind.com"]
[Date "2009.01.07"]
[Round "-"]
[White "David Hartley"]
[Black "doobwah"]
[Result "1-0"]
[WhiteCountry "ENG"]
[BlackCountry "USA"]
[WhiteElo "1889"]
[WhiteRD "67"]
[BlackElo "1590"]
[BlackRD "79"]
[GameID "186589"]

1. e4 e5 2. Nf3 d6 3. d4 exd4 4. Nxd4 Nf6 5. Nc3 Be7 6. Bc4 c5 7. Nf3 O-O 8. O-O Bg4 9. Be2 a6 10. Bd2 Nc6
11. Ne1 Nd4 12. Bxg4 Ra7 13. Be3 Ne6 14. Be2 b6 15. a4 h6 16. f4 Nh7 17. Nf3 Re8 18. Nd5 Nf6 19. Bc4 Nxd5 20. Bxd5 Rc7
21. Qd2 Bf6 22. f5 Nf8 23. Rab1 b5 24. b3 Nd7 25. Bxh6 Nb6 26. Bf4 Nxd5 27. Qxd5 Be7 28. c4 b4 29. Rbd1 Kf8 30. Ne1 Rd7
31. Rf3 Bf6 32. Rfd3 Be5 33. Be3 Kg8 34. Bxc5 Bxh2+ 35. Kxh2 Re5 36. Qxe5 dxe5 37. Rxd7 Qh4+ 38. Kg1 Qxe4 39. R1d3 Qxe1+ 40. Kh2 Qh4+
41. Rh3
1-0

[Event "2008 Christmas Pledge Tournament #1"]
[Site "SchemingMind.com"]
[Date "2009.01.10"]
[Round "-"]
[White "David Hartley"]
[Black "sthorwall"]
[Result "1-0"]
[WhiteCountry "ENG"]
[BlackCountry "USA"]
[WhiteElo "1870"]
[WhiteRD "69"]
[BlackElo "1883"]
[BlackRD "59"]
[GameID "186590"]

1. e4 e5 2. Nf3 Nc6 3. Bb5 a6 4. Ba4 Nf6 5. O-O Nxe4 6. Re1 Nc5 7. Nxe5 Nxe5 8. Rxe5+ Be7 9. Nc3 Nxa4 10. Nxa4 d6
11. Re1 O-O 12. d3 b5 13. Nc3 Bb7 14. Bd2 b4 15. Ne2 c5 16. Ng3 Bh4 17. Qg4 h6 18. Bxh6 Qf6 19. Nf5 Bc8 20. Qxh4 Qxh4
21. Nxh4 gxh6 22. Re3 Kh8 23. Rf3 Kg7 24. Re1 Be6 25. b3 a5 26. Rg3+ Kf6 27. Kf1 a4 28. Re2 axb3 29. axb3 Ra1+ 30. Re1 Rxe1+
31. Kxe1 Ra8 32. Re3 Ra1+ 33. Kd2 Ra2 34. Kc1 Ra1+ 35. Kb2 Rh1 36. Nf3 Bg4 37. Re1 Rxe1 38. Nxe1 Be2 39. c3 bxc3+ 40. Kxc3 Ke5
41. Nc2 f5 42. d4+ cxd4+ 43. Nxd4 Bf1 44. g3 f4 45. b4 fxg3 46. hxg3 h5 47. b5 Kd5 48. b6 Ba6 49. f4 Kc5 50. f5 d5
51. Kd2
1-0

[Event "2008 Christmas Pledge Tournament #1"]
[Site "SchemingMind.com"]
[Date "2009.01.06"]
[Round "-"]
[White "Austin Lockwood"]
[Black "David Hartley"]
[Result "0-1"]
[WhiteCountry "ENG"]
[BlackCountry "ENG"]
[WhiteElo "1762"]
[WhiteRD "78"]
[BlackElo "1869"]
[BlackRD "67"]
[GameID "186591"]

1. e4 e6 2. d4 d5 3. Nc3 Bb4 4. e5 c5 5. a3 Bxc3+ 6. bxc3 Ne7 7. dxc5 Qa5 8. Nf3 Qxc3+ 9. Bd2 Qxc5 10. Be3 Qc7
11. g3 Nbc6 12. Be2 Nxe5 13. Nxe5 Qxe5 14. Bd4 Qe4 15. O-O Qg6 16. Bb5+ Bd7 17. Bxd7+ Kxd7 18. c3 Rhc8 19. Re1 Ke8 20. Qb1 Qxb1
21. Raxb1 Nf5 22. Rxb7 Nxd4 23. cxd4 Rd8 24. f4 Rd7 25. Reb1 Rc8 26. Rxd7 Kxd7 27. Kg2 Rc7 28. h4 Kc8 29. Rb3 h5 30. Kf3 f5
31. a4 Rc4
0-1

[Event "2008 Christmas Pledge Tournament #1"]
[Site "SchemingMind.com"]
[Date "2009.01.06"]
[Round "-"]
[White "AlekhineKid"]
[Black "David Hartley"]
[Result "0-1"]
[WhiteCountry "USA"]
[BlackCountry "ENG"]
[WhiteElo "1566"]
[WhiteRD "72"]
[BlackElo "1889"]
[BlackRD "67"]
[GameID "186592"]

1. c4 c5 2. Nc3 Nc6 3. f4 e6 4. Nf3 d5 5. e4 Nf6 6. e5 Nd7 7. cxd5 Nd4 8. Nxd4 cxd4 9. dxe6 dxc3 10. exf7+ Kxf7
11. dxc3 Bc5 12. Qd5+ Kf8
0-1

[Event "2008 Christmas Pledge Tournament #1"]
[Site "SchemingMind.com"]
[Date "2009.01.06"]
[Round "-"]
[White "jtrochez1"]
[Black "David Hartley"]
[Result "0-1"]
[WhiteCountry "HON"]
[BlackCountry "ENG"]
[WhiteElo "1580"]
[WhiteRD "48"]
[BlackElo "1889"]
[BlackRD "67"]
[GameID "186593"]

1. e4 e5 2. Nf3 Nc6 3. Bc4 Bc5 4. O-O Nf6 5. Nc3 d6 6. h3 h6 7. a3 O-O 8. d3 Re8 9. Nd5 Nxd5 10. Bxd5 Bd7
11. c3 Rb8 12. b4 Bb6 13. a4 a6 14. a5 Ba7 15. Qe2 Ne7 16. Bb3 Ng6 17. Qa2 Rf8 18. d4 exd4 19. cxd4 Nh4 20. Nxh4 Qxh4
21. Be3 Qxe4 22. Qd2 Qg6 23. Kh2 Rbe8 24. Ba4 Bxa4 25. Rxa4 Re4 26. Raa1 d5 27. Rac1 c6 28. f3 Bb8+ 29. f4 Bd6 30. Kh1 Qf5
31. g4 Qd7 32. f5 Rfe8 33. Rf3 Qe7 34. f6 Qe6 35. Re1 Bf4 36. Kg2 Bxe3 37. Rexe3 Rxe3
0-1

[Event "2008 Christmas Pledge Tournament #1"]
[Site "SchemingMind.com"]
[Date "2009.01.08"]
[Round "-"]
[White "jdcald13"]
[Black "David Hartley"]
[Result "1-0"]
[WhiteCountry "USA"]
[BlackCountry "ENG"]
[WhiteElo "1902"]
[WhiteRD "65"]
[BlackElo "1870"]
[BlackRD "69"]
[GameID "186594"]

1. c4 c5 2. Nc3 Nc6 3. g3 g6 4. Bg2 Bg7 5. Nf3 Nf6 6. O-O O-O 7. d3 d6 8. a3 Bd7 9. Rb1 a5 10. Bg5 Qc7
11. Qd2 Rfe8 12. Bh6 Ng4 13. Bxg7 Kxg7 14. h3 Nf6 15. Nh2 Qc8 16. h4 Rb8 17. Nd5 b6 18. Rfe1 Nxd5 19. Bxd5 e6 20. Bg2 Ne7
21. b4 axb4 22. axb4 e5 23. Nf1 Bc6 24. e4 Bd7 25. Kh2 f5 26. Ne3 Rf8 27. Rb2 Qc7 28. Reb1 Bc6 29. Qc3 Ra8 30. exf5 Nxf5
31. Nxf5+ Rxf5 32. bxc5 bxc5 33. Rb7 Bxb7 34. Rxb7 Qxb7 35. Bxb7 Rxf2+ 36. Kh3 Raa2 37. Be4 h5 38. g4 Rfe2 39. gxh5 gxh5 40. Qc1 Rf2
41. Qg5+ Kf8 42. Qxh5 Rf6 43. Qg5 Raf2 44. h5 R6f4 45. h6 Re2 46. Qg7+ Ke8 47. Bc6+
1-0

[Event "2008 Christmas Pledge Tournament #1"]
[Site "SchemingMind.com"]
[Date "2009.01.06"]
[Round "-"]
[White "echecs"]
[Black "David Hartley"]
[Result "0-1"]
[WhiteCountry "ENG"]
[BlackCountry "ENG"]
[WhiteElo "1834"]
[WhiteRD "57"]
[BlackElo "1869"]
[BlackRD "67"]
[GameID "186595"]

1. e4 e5 2. Nf3 Nc6 3. Bc4 Bc5 4. d3 Nf6 5. c3 d5 6. exd5 Nxd5 7. O-O O-O 8. b4 Bb6 9. Qb3 Be6 10. a4 a6
11. Ba3 Re8 12. Bxd5 Bxd5 13. c4 Bxf3 14. gxf3 Nd4 15. Qd1 Qh4 16. Nd2 Re6 17. Bb2 Rh6
0-1

[Event "2008 Christmas Pledge Tournament #1"]
[Site "SchemingMind.com"]
[Date "2009.01.06"]
[Round "-"]
[White "doobwah"]
[Black "David Hartley"]
[Result "0-1"]
[WhiteCountry "USA"]
[BlackCountry "ENG"]
[WhiteElo "1590"]
[WhiteRD "79"]
[BlackElo "1889"]
[BlackRD "67"]
[GameID "186597"]

1. e4 e5 2. Nf3 Nc6 3. Nc3 Nf6 4. Bc4 Nxe4 5. Nxe4 d5 6. Bxd5 Qxd5 7. d3 Bg4 8. c3 f5 9. c4 Bb4+ 10. Nc3 Qd7
11. O-O Bxc3 12. bxc3 O-O-O 13. d4 exd4 14. cxd4 Nxd4 15. Qxd4 Qxd4 16. Nxd4 Rxd4 17. Bb2 Rd7 18. f3 Bh5 19. Rfe1 Re8 20. Red1 Ree7
21. Bd4 b6 22. c5 Be8 23. cxb6 axb6 24. Bf2 Rxd1+ 25. Rxd1 Bf7 26. Rc1 Kb7 27. a4 Ka6 28. Bg3 c5 29. Bd6 Rd7 30. Bf8 g6
31. Kf2 Rc7 32. Ke3 Ka5 33. Rb1 Rc6 34. Ra1 Bb3 35. Bg7 Bxa4 36. h4 Kb4 37. Bf8 Kb3 38. Kd2 h5 39. Bg7 b5 40. Rb1+ Kc4
41. Rc1+ Kd5 42. Bf8 c4 43. Kc3 Ke5 44. Bh6 Rd6 45. Re1+ Kf6 46. Bf4 Rd3+ 47. Kb4 Rb3+ 48. Kc5 Ra3 49. Bd6 Ra2 50. g3 Ra3
51. Rf1 Rd3 52. Bf8 c3 53. g4 c2 54. Bh6 Rd1
0-1

[Event "2008 Christmas Pledge Tournament #1"]
[Site "SchemingMind.com"]
[Date "2009.01.10"]
[Round "-"]
[White "sthorwall"]
[Black "David Hartley"]
[Result "0-1"]
[WhiteCountry "USA"]
[BlackCountry "ENG"]
[WhiteElo "1819"]
[WhiteRD "56"]
[BlackElo "1889"]
[BlackRD "67"]
[GameID "186598"]

1. e4 e6 2. d4 d5 3. exd5 exd5 4. Nf3 Nf6 5. Bg5 Be7 6. Bd3 Be6 7. O-O O-O 8. h3 Nc6 9. Nbd2 Re8 10. c4 dxc4
11. Bxc4 Nxd4 12. Nxd4 Qxd4 13. Bxe6 fxe6 14. Qe2 Qd5 15. Nf3 Qf5 16. Rad1 Bd6 17. Rfe1 e5 18. Qb5 a6 19. Qxb7 Reb8 20. Qc6 e4
21. Bxf6 Qxf6 22. Rxe4 Qxb2 23. Rd2 Qf6 24. Qc2 Rb6 25. Rde2 Rab8 26. Re8+ Rxe8 27. Qc4+ Kf8
0-1

[Event "2008 Christmas Pledge Tournament #1"]
[Site "SchemingMind.com"]
[Date "2009.01.06"]
[Round "-"]
[White "suruat"]
[Black "Austin Lockwood"]
[Result "1-0"]
[WhiteCountry "INT"]
[BlackCountry "ENG"]
[WhiteElo "1968"]
[WhiteRD "118"]
[BlackElo "1762"]
[BlackRD "78"]
[GameID "186646"]

1. g3 e5 2. Bg2 d5 3. d3 c6 4. e4 Nf6 5. Bg5 h6 6. Bxf6 Qxf6 7. exd5 Bc5 8. Nf3 cxd5 9. O-O O-O 10. Nc3 d4
11. Ne4 Qe7 12. Qe2 Nc6 13. a3 Rd8 14. b4 Bd6 15. Rfe1 b6 16. Nxd6 Qxd6 17. Nxe5 Bb7 18. Nc4 Qd7 19. Qh5 Re8 20. b5 Na5
21. Bxb7 Nxb7 22. Ne5 Qd5 23. g4 f6 24. Nc6 Qxh5 25. gxh5 Nd6 26. Nxd4 Re5 27. Rxe5 fxe5 28. Nc6 Nxb5 29. Nxe5 Re8 30. Nf3 Nc3
31. Kf1 a5 32. a4 Re2 33. Nd4 Re5 34. Ra3 Nd1 35. Rb3
1-0

[Event "2008 Christmas Pledge Tournament #1"]
[Site "SchemingMind.com"]
[Date "2009.01.06"]
[Round "-"]
[White "suruat"]
[Black "AlekhineKid"]
[Result "1-0"]
[WhiteCountry "INT"]
[BlackCountry "USA"]
[WhiteElo "1968"]
[WhiteRD "118"]
[BlackElo "1590"]
[BlackRD "68"]
[GameID "186647"]

1. Nf3 Nf6 2. c4 g6 3. Nc3 Bg7 4. d4 O-O 5. e3 d6 6. Bd3 Nbd7 7. O-O e5 8. Qc2 Re8 9. Bd2 Qe7 10. dxe5 dxe5
11. Ng5 Nc5 12. Rad1
1-0

[Event "2008 Christmas Pledge Tournament #1"]
[Site "SchemingMind.com"]
[Date "2009.01.06"]
[Round "-"]
[White "suruat"]
[Black "jtrochez1"]
[Result "1-0"]
[WhiteCountry "INT"]
[BlackCountry "HON"]
[WhiteElo "1968"]
[WhiteRD "118"]
[BlackElo "1546"]
[BlackRD "48"]
[GameID "186648"]

1. e4 e5 2. Nf3 Bd6 3. d4 exd4 4. Qxd4 f6 5. Bc4 Nc6 6. Qd5 Qe7 7. a3 Ne5 8. Nxe5 Bxe5 9. O-O c6 10. Qd1 d6
11. f4 d5 12. exd5 Qc5+ 13. Kh1 Qxc4 14. fxe5 Bg4 15. Qd3 Qxd3 16. cxd3 cxd5 17. d4 fxe5 18. dxe5 h6 19. Nc3 Be6 20. Nb5 Kd7
21. Be3 a6 22. Nd6 b5 23. Rf2 Ne7 24. Nb7 Nc6 25. Nc5+ Ke7 26. Rd1 Nxe5 27. Bd4 Kd6 28. Re1 Rhf8 29. Rfe2 Rf5 30. Bxe5+ Kxc5
31. b4+ Kc6 32. Bxg7 Kd7 33. Rxe6 Rf7 34. Bxh6 Rg8 35. g3 Ra8 36. Bf4 Rxf4 37. gxf4
1-0